Lademanns Blomsteratlas

Bibliographic Details
Main Authors: Hay, Roy (Author), Synge, Patrick M. (Author)
Other Authors: Nicolaisen, Age (Editor)
Format: Book
Language:Danish
PhysicalDescription:240 s.
Published: København Praha Lademann Artia 1973

MARC

LEADER 00000cam a2200000 a 4500
001 vtls001388317
003 SK-MaSNL
005 20260301161533.0
008 240314s1973 dk g 00000 dan
015 |a SNBZSA1973 
035 |a SNK000342542 
040 |a SNK  |b slo  |c SNK  |e AACR2 
041 0 |a dan 
044 |a dk  |c DK 
100 1 |a Hay, Roy  |4 aut  |9 524696 
245 1 0 |a Lademanns Blomsteratlas  |c [autori:] Roy Hay, Patrick M. Synge ; Dansk udgave ved Aage Nicolaisen 
260 |a København  |b Lademann  |a Praha  |b Artia  |c 1973  |e Martin  |f Tlač. SNP 
300 |a 240 s. 
700 1 |a Synge, Patrick M.  |4 aut  |9 524697 
700 1 |a Nicolaisen, Age  |4 edt  |9 336585 
958 |a OND 
999 |c 809882  |d 811812 
952 |a SNK  |b SNK  |y VYP  |7 0  |o snkSB 19104 D2  |i snkK 1441/78  |8 3  |0 0  |1 0  |4 0  |d 2015-07-08  |l 0  |r 2026-02-24 02:32:52  |w 2026-02-24 
952 |t P60, <04>, [BOOK], {604}  |a SNK  |b SNK  |y VYP  |7 0  |p 17A0238446  |o snkSB 19104 D1  |i snkKIP 1492/74  |0 0  |1 0  |4 0  |d 2000-05-06  |l 0  |r 2005-01-02 00:00:00  |w 2026-02-24 
952 |a SNK  |b SNK  |y PREZ  |7 0  |p 17A0898356  |o snkSB 19104   |i snkKIP 1992/73  |0 0  |1 0  |4 0  |d 2012-07-24  |l 0  |r 2025-03-20 00:00:00  |w 2026-02-24